01129nam a2200277Ia 4500008004100000020001800041050001600059050001800075100002900093245001600122245006400138245006600202260001500268260002200283260000900305300001600314300005200330300001100382440000600393500026000399650004700659650002800706650004000734650003300774650004400807161112s9999 xx 000 0 und d a962-258-224-9 aREF DS 655  b.K37 1998 v.1 aPunongbayan, Raymundo S. 0aKasaysayan: 4bthe story of Filipino people : the Philippine Archipelago / 0cRaymundo S. Punongbayan, Prescillano M. Zamora, Perry S. Ong. a[s. l. ] : bAsia Publishing,  c1998 a303 pages : billustrations (some color), maps (some color) ; c29 cm. v1 aIncludes bibliographical references and index. v. 1. The Philippine archipelago / Raymundo S. Punongbayan, Prescillano M. Zamora, Perry S. Ong -- v. 2. The Earliest Filipino / Fr. Gabriel S. Casal ... [et al.] -- v. 3. The Spanish conquest / Jose S. Arcil aPhilippines -- History -- Pictorial works. aPhilippines -- History. aPhilippines Description and Travel. xPhilippines -- Civilization. xPhilippines -- Politics and Government.